Astronomía islámica.

Guardado en:
Formato: Deslizar
Series:Astronomía sin telescopio
Materias:
Etiquetas: Agregar Etiqueta
Sin Etiquetas, Sea el primero en etiquetar este registro!
LEADER 01050ngm a22003015g 4500
001 CEM.cems021532
008 130507b1992##################0###0#####d
005 20240827155629.0
245 0 0 |a Astronomía islámica. 
300 |a 26 
490 0 |a Astronomía sin telescopio 
500 |a En soporte VHS, consultar en ventanilla. 
505 0 |a El ramadán árabe. El calendario astronómico. Observatorio lunar del Kurdistán. Teorías de Aristóteles y Ptolomeo. La astrología y el Islam. Conclusiones matemáticas. Relojes solares. Instrumentos de medición. 
538 |a Soporte: VHS - Norma: Pal N - Color - Grabación Drd 1992 - Hitachi=0000 
082 5 2 |/ AST 
653 |a ASTRONOMIA 
653 |a HISTORIA 
653 |a RELOJ SOLAR 
653 |a MATEMATICA 
653 |a GALILEI, GALILEO 
653 |a ISLAM 
653 |a ASTROLOGIA 
653 |a RAMADAN 
653 |a RELOJ 
653 |a CALENDARIO 
653 |a OBSERVATORIO 
653 |a NIVEL SECUNDARIO 
859 |a CEMS  |b BIB. CEMS - Depto. Recursos Didacticos  |h 520  |i AST  |k DRD  |p 175.12  |t Ej.1